<?xml version="1.0" encoding="UTF-8"?>
<collection xmlns="http://www.loc.gov/MARC21/slim">
 <record>
  <leader>06681nas a22007691  4500</leader>
  <controlfield tag="001">1/50417</controlfield>
  <controlfield tag="008">050306c19619999kyuqr1p           a0eng d</controlfield>
  <datafield tag="022" ind1=" " ind2=" ">
   <subfield code="a">0041-1612</subfield>
  </datafield>
  <datafield tag="035" ind1=" " ind2=" ">
   <subfield code="l">27385</subfield>
  </datafield>
  <datafield tag="040" ind1=" " ind2=" ">
   <subfield code="a">DLC</subfield>
   <subfield code="b">GR-PeUP</subfield>
  </datafield>
  <datafield tag="090" ind1=" " ind2=" ">
   <subfield code="a">Αλφαβητική σειρά</subfield>
  </datafield>
  <datafield tag="245" ind1="0" ind2="0">
   <subfield code="a">Transportation Journal</subfield>
  </datafield>
  <datafield tag="260" ind1=" " ind2=" ">
   <subfield code="a">Louisville, Ky :</subfield>
   <subfield code="b">American Society of Traffic and Transportation,</subfield>
   <subfield code="c">1961-</subfield>
  </datafield>
  <datafield tag="300" ind1=" " ind2=" ">
   <subfield code="a">v. :</subfield>
   <subfield code="b">ill. ;</subfield>
   <subfield code="c">28 cm.</subfield>
  </datafield>
  <datafield tag="310" ind1=" " ind2=" ">
   <subfield code="a">Quarterly</subfield>
  </datafield>
  <datafield tag="362" ind1="0" ind2=" ">
   <subfield code="a">Vol.43, no.1(Winter 2004) -</subfield>
  </datafield>
  <datafield tag="546" ind1=" " ind2=" ">
   <subfield code="a">English</subfield>
  </datafield>
  <datafield tag="650" ind1=" " ind2="4">
   <subfield code="a">Transportation</subfield>
   <subfield code="v">Periodicals.</subfield>
  </datafield>
  <datafield tag="650" ind1=" " ind2="4">
   <subfield code="a">Transportation</subfield>
   <subfield code="z">United States</subfield>
   <subfield code="v">Periodicals.</subfield>
  </datafield>
  <datafield tag="852" ind1=" " ind2=" ">
   <subfield code="a">INST</subfield>
   <subfield code="b">UNIPILB</subfield>
   <subfield code="c">SERIALS</subfield>
   <subfield code="e">20050406</subfield>
   <subfield code="h">Αλφαβητική σειρά</subfield>
   <subfield code="p">42179</subfield>
   <subfield code="q">42179</subfield>
   <subfield code="t">NOLOAN</subfield>
   <subfield code="v">vol.43;no.1:(Εποχή)Winter;(Έτος)2004</subfield>
   <subfield code="y">23</subfield>
  </datafield>
  <datafield tag="852" ind1=" " ind2=" ">
   <subfield code="a">INST</subfield>
   <subfield code="b">UNIPILB</subfield>
   <subfield code="c">SERIALS</subfield>
   <subfield code="e">20050406</subfield>
   <subfield code="h">Αλφαβητική σειρά</subfield>
   <subfield code="p">42180</subfield>
   <subfield code="q">42180</subfield>
   <subfield code="t">NOLOAN</subfield>
   <subfield code="v">vol.43;no.2:(Εποχή)Spring;(Έτος)2004</subfield>
   <subfield code="y">23</subfield>
  </datafield>
  <datafield tag="852" ind1=" " ind2=" ">
   <subfield code="a">INST</subfield>
   <subfield code="b">UNIPILB</subfield>
   <subfield code="c">SERIALS</subfield>
   <subfield code="e">20050406</subfield>
   <subfield code="h">Αλφαβητική σειρά</subfield>
   <subfield code="p">42181</subfield>
   <subfield code="q">42181</subfield>
   <subfield code="t">NOLOAN</subfield>
   <subfield code="v">vol.43;no.4:(Εποχή)Fall;(Έτος)2004</subfield>
   <subfield code="y">23</subfield>
  </datafield>
  <datafield tag="852" ind1=" " ind2=" ">
   <subfield code="a">INST</subfield>
   <subfield code="b">UNIPILB</subfield>
   <subfield code="c">SERIALS</subfield>
   <subfield code="e">20051014</subfield>
   <subfield code="h">Αλφαβητική σειρά</subfield>
   <subfield code="p">47530</subfield>
   <subfield code="q">47530</subfield>
   <subfield code="t">NOLOAN</subfield>
   <subfield code="v">vol.43;no.3:(Εποχή)Summer;(Έτος)2004</subfield>
   <subfield code="y">23</subfield>
  </datafield>
  <datafield tag="852" ind1=" " ind2=" ">
   <subfield code="a">INST</subfield>
   <subfield code="b">UNIPILB</subfield>
   <subfield code="c">SERIALS</subfield>
   <subfield code="e">20051129</subfield>
   <subfield code="h">Αλφαβητική σειρά</subfield>
   <subfield code="p">48896</subfield>
   <subfield code="q">48896</subfield>
   <subfield code="t">NOLOAN</subfield>
   <subfield code="v">vol.44;no.1:(Εποχή)Winter;(Έτος)2005</subfield>
   <subfield code="y">23</subfield>
  </datafield>
  <datafield tag="852" ind1=" " ind2=" ">
   <subfield code="a">INST</subfield>
   <subfield code="b">UNIPILB</subfield>
   <subfield code="c">SERIALS</subfield>
   <subfield code="e">20051129</subfield>
   <subfield code="h">Αλφαβητική σειρά</subfield>
   <subfield code="p">48897</subfield>
   <subfield code="q">48897</subfield>
   <subfield code="t">NOLOAN</subfield>
   <subfield code="v">vol.44;no.2:(Εποχή)Spring;(Έτος)2005</subfield>
   <subfield code="y">23</subfield>
  </datafield>
  <datafield tag="852" ind1=" " ind2=" ">
   <subfield code="a">INST</subfield>
   <subfield code="b">UNIPILB</subfield>
   <subfield code="c">SERIALS</subfield>
   <subfield code="e">20051129</subfield>
   <subfield code="h">Αλφαβητική σειρά</subfield>
   <subfield code="p">48898</subfield>
   <subfield code="q">48898</subfield>
   <subfield code="t">NOLOAN</subfield>
   <subfield code="v">vol.44;no.3:(Εποχή)Summer;(Έτος)2005</subfield>
   <subfield code="y">23</subfield>
  </datafield>
  <datafield tag="852" ind1=" " ind2=" ">
   <subfield code="a">INST</subfield>
   <subfield code="b">UNIPILB</subfield>
   <subfield code="c">SERIALS</subfield>
   <subfield code="e">20051129</subfield>
   <subfield code="h">Αλφαβητική σειρά</subfield>
   <subfield code="p">48899</subfield>
   <subfield code="q">48899</subfield>
   <subfield code="t">NOLOAN</subfield>
   <subfield code="v">vol.44;no.4:(Εποχή)Fall;(Έτος)2005</subfield>
   <subfield code="y">23</subfield>
  </datafield>
  <datafield tag="852" ind1=" " ind2=" ">
   <subfield code="a">INST</subfield>
   <subfield code="b">UNIPILB</subfield>
   <subfield code="c">SERIALS</subfield>
   <subfield code="e">20070917</subfield>
   <subfield code="h">Αλφαβητική σειρά</subfield>
   <subfield code="p">57232</subfield>
   <subfield code="q">57232</subfield>
   <subfield code="t">NOLOAN</subfield>
   <subfield code="v">vol.46;no.1:(Εποχή)Winter;(Έτος)2007</subfield>
   <subfield code="y">23</subfield>
  </datafield>
  <datafield tag="852" ind1=" " ind2=" ">
   <subfield code="a">INST</subfield>
   <subfield code="b">UNIPILB</subfield>
   <subfield code="c">SERIALS</subfield>
   <subfield code="e">20070917</subfield>
   <subfield code="h">Αλφαβητική σειρά</subfield>
   <subfield code="p">57233</subfield>
   <subfield code="q">57233</subfield>
   <subfield code="t">NOLOAN</subfield>
   <subfield code="v">vol.46;no.2:(Εποχή)Spring;(Έτος)2007</subfield>
   <subfield code="y">23</subfield>
  </datafield>
  <datafield tag="852" ind1=" " ind2=" ">
   <subfield code="a">INST</subfield>
   <subfield code="b">UNIPILB</subfield>
   <subfield code="c">SERIALS</subfield>
   <subfield code="e">20071120</subfield>
   <subfield code="h">Αλφαβητική σειρά</subfield>
   <subfield code="p">58471</subfield>
   <subfield code="q">58471</subfield>
   <subfield code="t">NOLOAN</subfield>
   <subfield code="v">vol.46;no.4:(Εποχή)Fall;(Έτος)2007</subfield>
   <subfield code="y">23</subfield>
  </datafield>
  <datafield tag="852" ind1=" " ind2=" ">
   <subfield code="a">INST</subfield>
   <subfield code="b">UNIPILB</subfield>
   <subfield code="c">SERIALS</subfield>
   <subfield code="e">20091029</subfield>
   <subfield code="h">Αλφαβητική σειρά</subfield>
   <subfield code="p">65119</subfield>
   <subfield code="q">65119</subfield>
   <subfield code="t">NOLOAN</subfield>
   <subfield code="v">vol.48;no.1:(Εποχή)Winter;(Έτος)2009</subfield>
   <subfield code="y">23</subfield>
  </datafield>
  <datafield tag="852" ind1=" " ind2=" ">
   <subfield code="a">INST</subfield>
   <subfield code="b">UNIPILB</subfield>
   <subfield code="c">SERIALS</subfield>
   <subfield code="e">20100416</subfield>
   <subfield code="h">Αλφαβητική σειρά</subfield>
   <subfield code="p">67909</subfield>
   <subfield code="q">67909</subfield>
   <subfield code="t">NOLOAN</subfield>
   <subfield code="v">vol.48;no.2:(Εποχή)Spring;(Έτος)2009</subfield>
   <subfield code="y">23</subfield>
  </datafield>
  <datafield tag="852" ind1=" " ind2=" ">
   <subfield code="a">INST</subfield>
   <subfield code="b">UNIPILB</subfield>
   <subfield code="c">SERIALS</subfield>
   <subfield code="e">20100416</subfield>
   <subfield code="h">Αλφαβητική σειρά</subfield>
   <subfield code="p">67910</subfield>
   <subfield code="q">67910</subfield>
   <subfield code="t">NOLOAN</subfield>
   <subfield code="v">vol.48;no.3:(Εποχή)Summer;(Έτος)2009</subfield>
   <subfield code="y">23</subfield>
  </datafield>
  <datafield tag="852" ind1=" " ind2=" ">
   <subfield code="a">INST</subfield>
   <subfield code="b">UNIPILB</subfield>
   <subfield code="c">SERIALS</subfield>
   <subfield code="e">20100416</subfield>
   <subfield code="h">Αλφαβητική σειρά</subfield>
   <subfield code="p">67911</subfield>
   <subfield code="q">67911</subfield>
   <subfield code="t">NOLOAN</subfield>
   <subfield code="v">vol.48;no.4:(Εποχή)Fall;(Έτος)2009</subfield>
   <subfield code="y">23</subfield>
  </datafield>
  <datafield tag="852" ind1=" " ind2=" ">
   <subfield code="a">INST</subfield>
   <subfield code="b">UNIPILB</subfield>
   <subfield code="c">SERIALS</subfield>
   <subfield code="e">20100706</subfield>
   <subfield code="h">Αλφαβητική σειρά</subfield>
   <subfield code="p">69403</subfield>
   <subfield code="q">69403</subfield>
   <subfield code="t">NOLOAN</subfield>
   <subfield code="v">vol.49;no.2:(Εποχή)Spring;(Έτος)2010</subfield>
   <subfield code="y">23</subfield>
  </datafield>
  <datafield tag="852" ind1=" " ind2=" ">
   <subfield code="a">INST</subfield>
   <subfield code="b">UNIPILB</subfield>
   <subfield code="c">SERIALS</subfield>
   <subfield code="e">20100826</subfield>
   <subfield code="h">Αλφαβητική σειρά</subfield>
   <subfield code="p">69635</subfield>
   <subfield code="q">69635</subfield>
   <subfield code="t">NOLOAN</subfield>
   <subfield code="v">vol.49;no.1:(Εποχή)Winter;(Έτος)2010</subfield>
   <subfield code="y">23</subfield>
  </datafield>
  <datafield tag="852" ind1=" " ind2=" ">
   <subfield code="a">INST</subfield>
   <subfield code="b">UNIPILB</subfield>
   <subfield code="c">SERIALS</subfield>
   <subfield code="e">20101007</subfield>
   <subfield code="h">Αλφαβητική σειρά</subfield>
   <subfield code="p">70070</subfield>
   <subfield code="q">70070</subfield>
   <subfield code="t">NOLOAN</subfield>
   <subfield code="v">vol.49;no.3:(Εποχή)Summer;(Έτος)2010</subfield>
   <subfield code="y">23</subfield>
  </datafield>
  <datafield tag="852" ind1=" " ind2=" ">
   <subfield code="a">INST</subfield>
   <subfield code="b">UNIPILB</subfield>
   <subfield code="c">SERIALS</subfield>
   <subfield code="e">20110118</subfield>
   <subfield code="h">Αλφαβητική σειρά</subfield>
   <subfield code="p">70827</subfield>
   <subfield code="q">70827</subfield>
   <subfield code="t">NOLOAN</subfield>
   <subfield code="v">vol.49;no.4:(Εποχή)Fall;(Έτος)2010</subfield>
   <subfield code="y">23</subfield>
  </datafield>
  <datafield tag="852" ind1=" " ind2=" ">
   <subfield code="a">INST</subfield>
   <subfield code="b">UNIPILB</subfield>
   <subfield code="c">SERIALS</subfield>
   <subfield code="e">20110714</subfield>
   <subfield code="h">Αλφαβητική σειρά</subfield>
   <subfield code="p">72270</subfield>
   <subfield code="q">72270</subfield>
   <subfield code="t">NOLOAN</subfield>
   <subfield code="v">vol.50;no.1:(Εποχή)Winter;(Έτος)2011</subfield>
   <subfield code="y">23</subfield>
  </datafield>
  <datafield tag="852" ind1=" " ind2=" ">
   <subfield code="a">INST</subfield>
   <subfield code="b">UNIPILB</subfield>
   <subfield code="c">SERIALS</subfield>
   <subfield code="e">20110929</subfield>
   <subfield code="h">Αλφαβητική σειρά</subfield>
   <subfield code="p">72807</subfield>
   <subfield code="q">72807</subfield>
   <subfield code="t">NOLOAN</subfield>
   <subfield code="v">vol.50;no.2:(Εποχή)Spring;(Έτος)2011</subfield>
   <subfield code="y">23</subfield>
  </datafield>
  <datafield tag="852" ind1=" " ind2=" ">
   <subfield code="a">INST</subfield>
   <subfield code="b">UNIPILB</subfield>
   <subfield code="c">SERIALS</subfield>
   <subfield code="e">20111031</subfield>
   <subfield code="h">Αλφαβητική σειρά</subfield>
   <subfield code="p">73134</subfield>
   <subfield code="q">73134</subfield>
   <subfield code="t">NOLOAN</subfield>
   <subfield code="v">vol.50;no.3:(Εποχή)Summer;(Έτος)2011</subfield>
   <subfield code="y">23</subfield>
  </datafield>
  <datafield tag="852" ind1=" " ind2=" ">
   <subfield code="a">INST</subfield>
   <subfield code="b">UNIPILB</subfield>
   <subfield code="c">SERIALS</subfield>
   <subfield code="e">20111124</subfield>
   <subfield code="h">Αλφαβητική σειρά</subfield>
   <subfield code="p">73506</subfield>
   <subfield code="q">73506</subfield>
   <subfield code="t">NOLOAN</subfield>
   <subfield code="v">vol.50;no.4:(Εποχή)Fall;(Έτος)2011</subfield>
   <subfield code="y">23</subfield>
  </datafield>
  <datafield tag="852" ind1=" " ind2=" ">
   <subfield code="a">INST</subfield>
   <subfield code="b">UNIPILB</subfield>
   <subfield code="c">SERIALS</subfield>
   <subfield code="e">20120829</subfield>
   <subfield code="h">Αλφαβητική σειρά</subfield>
   <subfield code="p">76315</subfield>
   <subfield code="q">76315</subfield>
   <subfield code="t">NOLOAN</subfield>
   <subfield code="v">vol.51;no.1:(Εποχή)Winter;(Έτος)2012</subfield>
   <subfield code="y">23</subfield>
  </datafield>
  <datafield tag="852" ind1=" " ind2=" ">
   <subfield code="a">INST</subfield>
   <subfield code="b">UNIPILB</subfield>
   <subfield code="c">SERIALS</subfield>
   <subfield code="e">20120829</subfield>
   <subfield code="h">Αλφαβητική σειρά</subfield>
   <subfield code="p">76316</subfield>
   <subfield code="q">76316</subfield>
   <subfield code="t">NOLOAN</subfield>
   <subfield code="v">vol.51;no.3:(Εποχή)Summer;(Έτος)2012</subfield>
   <subfield code="y">23</subfield>
  </datafield>
  <datafield tag="852" ind1=" " ind2=" ">
   <subfield code="a">INST</subfield>
   <subfield code="b">UNIPILB</subfield>
   <subfield code="c">SERIALS</subfield>
   <subfield code="e">20121026</subfield>
   <subfield code="h">Αλφαβητική σειρά</subfield>
   <subfield code="p">76969</subfield>
   <subfield code="q">76969</subfield>
   <subfield code="t">NOLOAN</subfield>
   <subfield code="v">vol.51;no.2:(Εποχή)Spring;(Έτος)2012</subfield>
   <subfield code="y">23</subfield>
  </datafield>
  <datafield tag="852" ind1=" " ind2=" ">
   <subfield code="a">INST</subfield>
   <subfield code="b">UNIPILB</subfield>
   <subfield code="c">SERIALS</subfield>
   <subfield code="e">20121026</subfield>
   <subfield code="h">Αλφαβητική σειρά</subfield>
   <subfield code="p">76970</subfield>
   <subfield code="q">76970</subfield>
   <subfield code="t">NOLOAN</subfield>
   <subfield code="v">vol.51;no.4:(Εποχή)Fall;(Έτος)2012</subfield>
   <subfield code="y">23</subfield>
  </datafield>
  <datafield tag="852" ind1=" " ind2=" ">
   <subfield code="a">INST</subfield>
   <subfield code="b">UNIPILB</subfield>
   <subfield code="c">SERIALS</subfield>
   <subfield code="e">20131122</subfield>
   <subfield code="h">Αλφαβητική σειρά</subfield>
   <subfield code="p">81491</subfield>
   <subfield code="q">81491</subfield>
   <subfield code="t">NOLOAN</subfield>
   <subfield code="v">vol.52;no.1:(Εποχή)Winter;(Έτος)2013</subfield>
   <subfield code="y">23</subfield>
  </datafield>
  <datafield tag="852" ind1=" " ind2=" ">
   <subfield code="a">INST</subfield>
   <subfield code="b">UNIPILB</subfield>
   <subfield code="c">SERIALS</subfield>
   <subfield code="e">20131122</subfield>
   <subfield code="h">Αλφαβητική σειρά</subfield>
   <subfield code="p">81492</subfield>
   <subfield code="q">81492</subfield>
   <subfield code="t">NOLOAN</subfield>
   <subfield code="v">vol.52;no.2:(Εποχή)Spring;(Έτος)2013</subfield>
   <subfield code="y">23</subfield>
  </datafield>
  <datafield tag="852" ind1=" " ind2=" ">
   <subfield code="a">INST</subfield>
   <subfield code="b">UNIPILB</subfield>
   <subfield code="c">SERIALS</subfield>
   <subfield code="e">20131122</subfield>
   <subfield code="h">Αλφαβητική σειρά</subfield>
   <subfield code="p">81493</subfield>
   <subfield code="q">81493</subfield>
   <subfield code="t">NOLOAN</subfield>
   <subfield code="v">vol.52;no.3:(Εποχή)Summer;(Έτος)2013</subfield>
   <subfield code="y">23</subfield>
  </datafield>
  <datafield tag="852" ind1=" " ind2=" ">
   <subfield code="a">INST</subfield>
   <subfield code="b">UNIPILB</subfield>
   <subfield code="c">SERIALS</subfield>
   <subfield code="e">20131122</subfield>
   <subfield code="h">Αλφαβητική σειρά</subfield>
   <subfield code="p">81494</subfield>
   <subfield code="q">81494</subfield>
   <subfield code="t">NOLOAN</subfield>
   <subfield code="v">vol.52;no.4:(Εποχή)Fall;(Έτος)2013</subfield>
   <subfield code="y">23</subfield>
  </datafield>
  <datafield tag="900" ind1=" " ind2=" ">
   <subfield code="a">Vol. 53 no. 1 (Winter 2014)</subfield>
   <subfield code="b">Οφειλόμενο</subfield>
   <subfield code="c">13/06/2017</subfield>
  </datafield>
  <datafield tag="900" ind1=" " ind2=" ">
   <subfield code="a">Vol. 45 no. 1 (Winter 2006)</subfield>
   <subfield code="b">Οφειλόμενο</subfield>
   <subfield code="c">09/04/2007</subfield>
  </datafield>
  <datafield tag="900" ind1=" " ind2=" ">
   <subfield code="a">Vol. 45 no. 2 (Spring 2006)</subfield>
   <subfield code="b">Οφειλόμενο</subfield>
   <subfield code="c">16/09/2007</subfield>
  </datafield>
  <datafield tag="900" ind1=" " ind2=" ">
   <subfield code="a">Vol. 45 no. 3 (Summer 2006)</subfield>
   <subfield code="b">Οφειλόμενο</subfield>
   <subfield code="c">16/09/2007</subfield>
  </datafield>
  <datafield tag="900" ind1=" " ind2=" ">
   <subfield code="a">Vol. 45 no. 4 (Fall 2006)</subfield>
   <subfield code="b">Οφειλόμενο</subfield>
   <subfield code="c">10/10/2007</subfield>
  </datafield>
  <datafield tag="900" ind1=" " ind2=" ">
   <subfield code="a">Vol. 46 no. 3 (Summer 2007)</subfield>
   <subfield code="b">Οφειλόμενο</subfield>
   <subfield code="c">11/07/2008</subfield>
  </datafield>
  <datafield tag="900" ind1=" " ind2=" ">
   <subfield code="a">Vol. 47 no. 1 (Winter 2008)</subfield>
   <subfield code="b">Οφειλόμενο</subfield>
   <subfield code="c">06/01/2009</subfield>
  </datafield>
  <datafield tag="900" ind1=" " ind2=" ">
   <subfield code="a">Vol. 47 no. 2 (Spring 2008)</subfield>
   <subfield code="b">Οφειλόμενο</subfield>
   <subfield code="c">29/10/2009</subfield>
  </datafield>
  <datafield tag="900" ind1=" " ind2=" ">
   <subfield code="a">Vol. 47 no. 3 (Summer 2008)</subfield>
   <subfield code="b">Οφειλόμενο</subfield>
   <subfield code="c">29/10/2009</subfield>
  </datafield>
  <datafield tag="900" ind1=" " ind2=" ">
   <subfield code="a">Vol. 47 no. 4 (Fall 2008)</subfield>
   <subfield code="b">Οφειλόμενο</subfield>
   <subfield code="c">29/10/2009</subfield>
  </datafield>
  <datafield tag="950" ind1=" " ind2=" ">
   <subfield code="a">01/01/2004</subfield>
   <subfield code="c">SWETS INFORMATION SERVICES</subfield>
   <subfield code="d">350</subfield>
  </datafield>
  <datafield tag="951" ind1=" " ind2=" ">
   <subfield code="a">Vol. 52 no. 1 (Winter 2013) - Vol. 52 no. 4 (Fall 2013)</subfield>
   <subfield code="b">Main run</subfield>
  </datafield>
  <datafield tag="951" ind1=" " ind2=" ">
   <subfield code="a">Vol. 43 no. 1 (Winter 2004) - Vol. 43 no. 4 (Fall 2004)</subfield>
   <subfield code="b">Main run</subfield>
  </datafield>
  <datafield tag="951" ind1=" " ind2=" ">
   <subfield code="a">Vol. 44 no. 1 (Winter 2005) - Vol. 44 no. 4 (Fall 2005)</subfield>
   <subfield code="b">Main run</subfield>
  </datafield>
  <datafield tag="951" ind1=" " ind2=" ">
   <subfield code="a">Vol. 46 no. 1 (Winter 2007) - Vol. 46 no. 2 (Spring 2007)</subfield>
   <subfield code="b">Main run</subfield>
  </datafield>
  <datafield tag="951" ind1=" " ind2=" ">
   <subfield code="a">Vol. 46 no. 4 (Fall 2007)</subfield>
   <subfield code="b">Main run</subfield>
  </datafield>
  <datafield tag="951" ind1=" " ind2=" ">
   <subfield code="a">Vol. 48 no. 1 (Winter 2009) - Vol. 51 no. 4 (Fall 2012)</subfield>
   <subfield code="b">Main run</subfield>
  </datafield>
 </record>
</collection>
